Struggling with development: (Record no. 7272)
[ view plain ]
| 000 -LEADER | |
|---|---|
| fixed length control field | 00763nam a22001937a 4500 |
| 008 - FIXED-LENGTH DATA ELEMENTS--GENERAL INFORMATION | |
| fixed length control field | 170814b xxu||||| |||| 00| 0 eng d |
| 020 ## - INTERNATIONAL STANDARD BOOK NUMBER | |
| International Standard Book Number | 9715503055 |
| 082 ## - DEWEY DECIMAL CLASSIFICATION NUMBER | |
| Edition number | 1999 |
| Classification number | DFil 320.9599 |
| Item number | K96 |
| 100 ## - MAIN ENTRY--PERSONAL NAME | |
| 9 (RLIN) | 22026 |
| Personal name | Kwiatkowski, Lynn M. |
| 245 ## - TITLE STATEMENT | |
| Title | Struggling with development: |
| Remainder of title | the politics of hunger and gender in the Philippines/ |
| Statement of responsibility, etc. | Lynn M. Kwiatkowski. |
| 260 ## - PUBLICATION, DISTRIBUTION, ETC. (IMPRINT) | |
| Place of publication, distribution, etc. | Quezon City: |
| Name of publisher, distributor, etc. | ADMU Press, |
| Date of publication, distribution, etc. | c1999. |
| 300 ## - PHYSICAL DESCRIPTION | |
| Extent | 1, 350 pages: |
| Other physical details | illustrations; |
| Dimensions | 23 cm. |
| 500 ## - GENERAL NOTE | |
| General note | Includes glossary, bibliography and index. |
| 650 #0 - SUBJECT ADDED ENTRY--TOPICAL TERM | |
| 9 (RLIN) | 22027 |
| Topical term or geographic name as entry element | Philippines - Politics and government. |
| 650 #0 - SUBJECT ADDED ENTRY--TOPICAL TERM | |
| 9 (RLIN) | 22028 |
| Topical term or geographic name as entry element | Women - Philippines - Social conditions. |
| 650 #0 - SUBJECT ADDED ENTRY--TOPICAL TERM | |
| 9 (RLIN) | 22029 |
| Topical term or geographic name as entry element | Children - Philippines - Social conditions. |
| 650 #0 - SUBJECT ADDED ENTRY--TOPICAL TERM | |
| 9 (RLIN) | 22030 |
| Topical term or geographic name as entry element | Social problems. |
| 942 ## - ADDED ENTRY ELEMENTS (KOHA) | |
| Source of classification or shelving scheme | Dewey Decimal Classification |
| Koha item type | Filipiniana |
| Withdrawn status | Lost status | Source of classification or shelving scheme | Damaged status | Not for loan | Collection code | Home library | Current library | Date acquired | Source of acquisition | Total Checkouts | Full call number | Barcode | Date last seen | Price effective from | Koha item type |
|---|---|---|---|---|---|---|---|---|---|---|---|---|---|---|---|
| Dewey Decimal Classification | Filipiniana | UM Digos College - LIC | UM Digos College - LIC | 10/28/2003 | Purchased | DFil 320.9599 K96 1999 | 16298 | 05/15/2025 | 08/14/2017 | Filipiniana |
